Statystyki dla Skład Realu Madryt Sezon 23/24

Kliknij tutaj aby rozwiązać quiz!

Ogólne statystyki

  • Ten quiz został rozwiązany 154 razy
    (37 od ostatniego zresetowania)
  • Średni wynik to 16 z 24

Statystyki odpowiedzi

PozycjaNazwisko% Poprawnych
BramkarzLunin
93%
BramkarzKepa
89%
NapastnikVinicius
86%
PomocnikKroos
82%
PomocnikModric
82%
BramkarzCourtois
79%
ObrońcaMilitao
79%
NapastnikRodrygo
79%
ObrońcaAlaba
75%
PomocnikCamavinga
75%
PomocnikBellingham
71%
NapastnikJoselu
71%
ObrońcaRudiger
71%
PomocnikValverde
68%
ObrońcaMendy
64%
ObrońcaNacho
64%
ObrońcaCarvajal
54%
PomocnikBrahim
46%
PomocnikTchouameni
46%
ObrońcaVazquez
46%
PomocnikCeballos
43%
ObrońcaGarcia
43%
PomocnikGüler
36%
PomocnikPaz
32%

Rozkład punktacji

Percentyl według liczby udzielonych odpowiedzi

Procent ludzi z każdym wynikiem

Twoja historia wyników

Nie rozwiązałeś tego quizu od ostatniego zresetowania